[Event "Sant Adria de Besos op 6th"]
[Site "Sant Adria de Besos"]
[Date "2024.08.11"]
[Round "1"]
[White "Anustoop, Biswas"]
[Black "Namay Caceres, Santos"]
[Result "1-0"]
[WhiteElo "2257"]
[BlackElo "1953"]
[PlyCount "149"]
[EventDate "2024.08.11"]
[EventType "swiss"]
[EventRounds "9"]
[EventCountry "ESP"]
[SourceTitle "EXT 2025"]
[Source "ChessBase"]
[SourceDate "2024.10.14"]
[SourceVersion "1"]
[SourceVersionDate "2024.10.14"]
[SourceQuality "1"]

1. e4 e5 2. Nf3 Nc6 3. Bc4 Bc5 4. c3 Bb6 5. 0-0 Nf6 6. d3 0-0 7. Re1 d6 8. h3 h6 9. a4 a5 10. Nbd2 Ne7 11. Nh4 g5 12. Nhf3 g4 13. hxg4 Nxg4 14. d4 Ng6 15. Nf1 Qf6 16. Ng3 Kh7 17. Be3 Rg8 18. dxe5 dxe5 19. Nh5 Qe7 20. Bxb6 cxb6 21. Qb3 Be6 22. Bxe6 fxe6 23. Rad1 Raf8 24. Qa3 Qf7 25. Rd3 Rd8 26. Red1 Rxd3 27. Rxd3 Nf4 28. Nxf4 Qxf4 29. Qd6 Qc1+ 30. Rd1 Qxb2 31. Rf1 Qxc3 32. Qxb6 Nf6 33. Qxe6 Ng4 34. Nh4 Qc6 35. Qf5+ Kh8 36. g3 Qf6 37. Qxf6+ Nxf6 38. Rb1 Nxe4 39. Rxb7 Nxg3 40. fxg3 Rxg3+ 41. Kh2 Rg4 42. Kh3 Rxa4 43. Ng6+ Kg8 44. Nxe5 Rb4 45. Ra7 a4 46. Ng4 h5 47. Nf6+ Kf8 48. Nxh5 Ke8 49. Nf6+ Kd8 50. Nd5 Rb3+ 51. Kg4 a3 52. Kf5 Kc8 53. Ne7+ Kd8 54. Ke6 Rb6+ 55. Ke5 Rb3 56. Nd5 Kc8 57. Ne7+ Kd8 58. Kd6 Rd3+ 59. Nd5 Kc8 60. Kc6 Kb8 61. Rb7+ Kc8 62. Rc7+ Kb8 63. Rb7+ Kc8 64. Rh7 Kb8 65. Nc7 Rc3+ 66. Kb6 Kc8 67. Nb5 a2 68. Ra7 Rc2 69. Nd4 Rb2+ 70. Kc6 Kd8 71. Kd6 Ke8 72. Ke6 Kd8 73. Kd6 Ke8 74. Re7+ Kd8 75. Ne6+ 1-0

[Event "Barcelona Sant Marti op-A 24th"]
[Site "Barcelona"]
[Date "2024.07.20"]
[Round "8"]
[White "Namay Caceres, Santos"]
[Black "Torres Teruel, Joan"]
[Result "1/2-1/2"]
[WhiteElo "2027"]
[BlackElo "1931"]
[PlyCount "139"]
[EventDate "2024.07.13"]
[EventType "swiss"]
[EventRounds "9"]
[EventCountry "ESP"]
[SourceTitle "CBM 221 Extra"]
[Source "ChessBase"]
[SourceDate "2024.09.30"]
[SourceVersion "1"]
[SourceVersionDate "2024.09.30"]
[SourceQuality "1"]

1. d4 d5 2. Bf4 c5 3. c3 Nc6 4. e3 cxd4 5. cxd4 Bf5 6. Nc3 e6 7. Nf3 Bd6 8. Bg3 Nf6 9. Be2 0-0 10. Nh4 Ne7 11. Qb3 b6 12. Rc1 a6 13. a4 h6 14. Nxf5 Nxf5 15. Bd3 Nxg3 16. hxg3 Ng4 17. Qd1 f5 18. Qe2 Qg5 19. Rh3 a5 20. Bb5 Ra7 21. Nd1 e5 22. dxe5 Bb4+ 23. Kf1 d4 24. e6 dxe3 25. Nxe3 Nxe3+ 26. fxe3 f4 27. gxf4 Rxf4+ 28. Kg1 Rf8 29. Rd1 Rc7 30. Bc4 Re7 31. b3 Bc5 32. Kh1 Qe5 33. Qd3 Qg5 34. Qe4 Qf5 35. Qh4 Qf6 36. Qg3 Qf2 37. Qg6 Qf6 38. Qh5 Qf5 39. Qe2 Kh8 40. Kg1 Qg5 41. Rf1 Rxf1+ 42. Kxf1 Re8 43. Rf3 Qh4 44. Kg1 Bd6 45. Rh3 Qf6 46. Qf1 Qe5 47. Qd1 Rf8 48. Qd4 Qc5 49. Rf3 Rxf3 50. gxf3 Qg5+ 51. Kf1 Bc5 52. Qe4 g6 53. Qa8+ Kg7 54. Qb7+ Qe7 55. Qe4 Qg5 56. f4 Qh4 57. Bd3 Qf6 58. Ke2 h5 59. Kf3 Kh7 60. Kg3 Be7 61. Kg2 Bc5 62. Qc6 Bxe3 63. Qe4 Bc5 64. Kf3 Bd6 65. Bc2 Bc5 66. Ke2 Bb4 67. Kf3 Bc5 68. Ke2 Bb4 69. Kf3 Bc5 70. Qe2 1/2-1/2

[Event "Barcelona Sant Marti op-A 24th"]
[Site "Barcelona"]
[Date "2024.07.17"]
[Round "5"]
[White "Vaibhav, Jayant Raut"]
[Black "Namay Caceres, Santos"]
[Result "1-0"]
[WhiteElo "2071"]
[BlackElo "2027"]
[PlyCount "69"]
[EventDate "2024.07.13"]
[EventType "swiss"]
[EventRounds "9"]
[EventCountry "ESP"]
[SourceTitle "CBM 221 Extra"]
[Source "ChessBase"]
[SourceDate "2024.09.30"]
[SourceVersion "1"]
[SourceVersionDate "2024.09.30"]
[SourceQuality "1"]

1. c4 e6 2. Nf3 d5 3. g3 Nf6 4. Bg2 Be7 5. 0-0 0-0 6. d4 c6 7. Qc2 Ne4 8. Rd1 Nd7 9. Nc3 f5 10. a3 Bd6 11. b4 a6 12. c5 Bc7 13. Bf4 Bxf4 14. gxf4 Ndf6 15. Ne5 Nxc3 16. Qxc3 Bd7 17. Rab1 Be8 18. Kh1 Bh5 19. Qe3 Kh8 20. h3 Be8 21. Rg1 Nh5 22. Bf3 Nf6 23. Rg5 a5 24. bxa5 Qc7 25. Qb3 Qxa5 26. Qxb7 Ra7 27. Qc8 Qxa3 28. Qxe6 Ne4 29. Rxf5 Rg8 30. Rb8 Qc1+ 31. Kg2 Nf6 32. Rxe8 Nxe8 33. Ng6+ hxg6 34. Qxg6 Nf6 35. Rh5+ 1-0

[Event "Barcelona Sant Marti op-A 24th"]
[Site "Barcelona"]
[Date "2024.07.15"]
[Round "3"]
[White "Sai Mahati, Alapati"]
[Black "Namay Caceres, Santos"]
[Result "1-0"]
[WhiteElo "1953"]
[BlackElo "2027"]
[PlyCount "63"]
[EventDate "2024.07.13"]
[EventType "swiss"]
[EventRounds "9"]
[EventCountry "ESP"]
[SourceTitle "CBM 221 Extra"]
[Source "ChessBase"]
[SourceDate "2024.09.30"]
[SourceVersion "1"]
[SourceVersionDate "2024.09.30"]
[SourceQuality "1"]

1. d4 d5 2. c4 e6 3. Nc3 a6 4. c5 b6 5. cxb6 c5 6. dxc5 Bxc5 7. Na4 Bxb6 8. Nxb6 Qxb6 9. Nf3 Nc6 10. g3 Nf6 11. Bg2 Bd7 12. 0-0 0-0 13. b3 Rfe8 14. Be3 Qa5 15. a3 Rac8 16. b4 Qb5 17. Rc1 h6 18. Rc5 Qb7 19. Ne1 Ne5 20. Bd4 Rxc5 21. bxc5 Nc4 22. Bxf6 gxf6 23. Nd3 a5 24. Qc1 Bb5 25. Qxh6 Qe7 26. Nf4 Qf8 27. Qxf6 Qg7 28. Qh4 Rc8 29. Bh3 Rxc5 30. Bxe6 Nd2 31. Bf5 f6 32. Ne6 1-0

[Event "Sant Adria de Besos op 18th"]
[Site "Sant Adria de Besos"]
[Date "2024.05.19"]
[Round "6"]
[White "Namay Caceres, Santos"]
[Black "Garre Montes, Marc"]
[Result "0-1"]
[WhiteElo "2114"]
[BlackElo "2106"]
[PlyCount "66"]
[EventDate "2024.04.07"]
[EventType "swiss"]
[EventRounds "9"]
[EventCountry "ESP"]
[SourceTitle "EXT 2025"]
[Source "ChessBase"]
[SourceDate "2024.10.14"]
[SourceVersion "1"]
[SourceVersionDate "2024.10.14"]
[SourceQuality "1"]

1. d4 d5 2. Bf4 Nf6 3. e3 c5 4. dxc5 Nc6 5. Bb5 e6 6. b4 Bd7 7. c3 a5 8. Qb3 Be7 9. Nd2 0-0 10. Ne2 Nxb4 11. cxb4 Bxb5 12. Nd4 Bd7 13. 0-0 Nh5 14. a3 Nxf4 15. exf4 Bf6 16. N2f3 Qc7 17. Qe3 Rfc8 18. Ne5 Be8 19. Rac1 axb4 20. axb4 Ra4 21. b5 Bxe5 22. fxe5 Rc4 23. Rxc4 dxc4 24. Qe4 Rd8 25. Nf3 Qxc5 26. Ng5 g6 27. Nxh7 Kg7 28. Nf6 Bxb5 29. Qh4 Rh8 30. Qg5 Bc6 31. Rd1 c3 32. Nh5+ Rxh5 33. Qf6+ Kf8 0-1

[Event "Sant Adria de Besos op 18th"]
[Site "Sant Adria de Besos"]
[Date "2024.05.12"]
[Round "5"]
[White "Vazquez Gamero, Miguel"]
[Black "Namay Caceres, Santos"]
[Result "0-1"]
[WhiteElo "2159"]
[BlackElo "2114"]
[PlyCount "93"]
[EventDate "2024.04.07"]
[EventType "swiss"]
[EventRounds "9"]
[EventCountry "ESP"]
[SourceTitle "EXT 2025"]
[Source "ChessBase"]
[SourceDate "2024.10.14"]
[SourceVersion "1"]
[SourceVersionDate "2024.10.14"]
[SourceQuality "1"]

1. e4 e5 2. Nf3 Nc6 3. Bb5 g6 4. 0-0 Bg7 5. c3 a6 6. Ba4 d6 7. d4 Bd7 8. Re1 Nge7 9. Bg5 h6 10. Be3 b6 11. Nbd2 0-0 12. Nf1 Bg4 13. Qd2 Bxf3 14. gxf3 Kh7 15. f4 exd4 16. cxd4 b5 17. Bd1 d5 18. e5 Qd7 19. Ng3 h5 20. Kh1 h4 21. Ne2 Nf5 22. Rc1 Nce7 23. Ng1 c6 24. Bg4 Qb7 25. Nf3 Kg8 26. Ng5 a5 27. f3 Bh6 28. Bf2 Kg7 29. Qd3 b4 30. Rc5 a4 31. Rec1 Ra6 32. Kg2 Rb6 33. Kh3 Bxg5 34. fxg5 Ra8 35. f4 Qa6 36. Qd2 Qb7 37. Kg2 Rh8 38. h3 Kf8 39. Qe2 Ng7 40. e6 Qc7 41. Kf3 Qd6 42. exf7 Kxf7 43. Qc2 b3 44. axb3 Rxb3+ 45. Rc3 Rhb8 46. Bxh4 R8b4 47. Qd1 0-1

[Event "Barcelona Sant Marti op-A 23rd"]
[Site "Barcelona"]
[Date "2023.07.19"]
[Round "7"]
[White "Guix Torres, David"]
[Black "Namay Caceres, Santos"]
[Result "1-0"]
[WhiteElo "1954"]
[BlackElo "1990"]
[PlyCount "115"]
[EventDate "2023.07.13"]
[EventType "swiss"]
[EventRounds "9"]
[EventCountry "ESP"]
[SourceTitle "CBM 215 Extra"]
[Source "ChessBase"]
[SourceDate "2023.09.30"]
[SourceVersion "1"]
[SourceVersionDate "2023.09.30"]
[SourceQuality "1"]

1. e4 e5 2. Nf3 Nc6 3. d4 exd4 4. Bc4 Nf6 5. 0-0 Be7 6. e5 Ne4 7. c3 d5 8. exd6 Nxd6 9. Bd5 dxc3 10. Nxc3 0-0 11. Bf4 Bg4 12. Qa4 Bd7 13. Rad1 a6 14. a3 h6 15. Qc2 Qc8 16. Rfe1 Re8 17. h3 Bf5 18. Qb3 Bg6 19. Bxc6 bxc6 20. Ne5 Qf5 21. Nxc6 Bh4 22. Qb4 a5 23. Qa4 Bf6 24. Bxd6 cxd6 25. Nd4 Rxe1+ 26. Rxe1 Qc5 27. Re8+ Rxe8 28. Qxe8+ Kh7 29. Nc6 d5 30. Nb8 d4 31. Nd7 Qe7 32. Nf8+ Kg8 33. Qxe7 Bxe7 34. Nxg6 fxg6 35. Ne4 Kf7 36. Kf1 Ke6 37. Ke2 Kd5 38. Kd3 g5 39. Nd2 a4 40. Nf3 Bf6 41. Ne1 h5 42. Nc2 h4 43. Nb4+ Kc5 44. Nc2 Kd5 45. Na1 Be7 46. Nc2 Bf6 47. Ne1 Be5 48. Nf3 Bf6 49. Nd2 Bd8 50. Kc2 Bf6 51. Kd3 Bd8 52. b3 axb3 53. Nxb3 Bb6 54. a4 Ba7 55. Nd2 Ke5 56. Nf3+ Kd5 57. Nxg5 Bb6 58. Nf3 1-0

[Event "Barcelona Sant Marti op-A 23rd"]
[Site "Barcelona"]
[Date "2023.07.17"]
[Round "5"]
[White "Deshmukh, Anup"]
[Black "Namay Caceres, Santos"]
[Result "1-0"]
[WhiteElo "2121"]
[BlackElo "1990"]
[PlyCount "100"]
[EventDate "2023.07.13"]
[EventType "swiss"]
[EventRounds "9"]
[EventCountry "ESP"]
[SourceTitle "CBM 215 Extra"]
[Source "ChessBase"]
[SourceDate "2023.09.30"]
[SourceVersion "1"]
[SourceVersionDate "2023.09.30"]
[SourceQuality "1"]

1. c4 e6 2. Nf3 Nf6 3. b3 b6 4. Bb2 Bb7 5. g3 Be7 6. Bg2 0-0 7. 0-0 c5 8. Re1 d5 9. cxd5 Nxd5 10. e4 Nf6 11. Nc3 Nc6 12. e5 Nd5 13. Ne4 Ndb4 14. d4 Ba6 15. dxc5 Nd3 16. Re2 Nxb2 17. Rxb2 bxc5 18. Rd2 Qb6 19. Rc1 Rfd8 20. Nd6 Nb4 21. Ne1 Rab8 22. Be4 g6 23. h4 f5 24. Bg2 Bf8 25. Kh2 Rd7 26. f4 Rbd8 27. a3 Nc6 28. b4 c4 29. Nf3 h6 30. Rcc2 Ne7 31. Nd4 Rxd6 32. exd6 Rxd6 33. b5 Bxb5 34. Nxb5 Rxd2 35. Qxd2 Qxb5 36. Qe2 Kf7 37. Qxc4 Qxc4 38. Rxc4 Nd5 39. Bxd5 exd5 40. Rc7+ Ke6 41. Rxa7 d4 42. Kg2 Kd5 43. Kf3 d3 44. Ra6 Kd4 45. a4 Kc3 46. Rxg6 Bb4 47. Rxh6 Kd2 48. Rb6 Bc3 49. Rd6 Kc2 50. h5 d2 1-0

[Event "Sant Adria de Besos op 17th"]
[Site "Sant Adria de Besos"]
[Date "2023.05.14"]
[Round "4"]
[White "Mas Recorda, Pere"]
[Black "Namay Caceres, Santos"]
[Result "0-1"]
[WhiteElo "2014"]
[BlackElo "2124"]
[PlyCount "88"]
[EventDate "2023.04.02"]
[EventType "swiss"]
[EventRounds "9"]
[EventCountry "ESP"]
[SourceTitle "EXT 2024"]
[Source "ChessBase"]
[SourceDate "2023.10.10"]
[SourceVersion "1"]
[SourceVersionDate "2023.10.10"]
[SourceQuality "1"]

1. d4 d5 2. c4 dxc4 3. e3 Nf6 4. Bxc4 e6 5. Nf3 c5 6. 0-0 a6 7. dxc5 Qxd1 8. Rxd1 Bxc5 9. b3 0-0 10. Bb2 Nbd7 11. Nbd2 b6 12. Rac1 Bb7 13. a3 Rfc8 14. b4 Be7 15. Ne5 b5 16. Nxd7 Nxd7 17. Bb3 Bf6 18. Bxf6 Nxf6 19. Kf1 Kf8 20. Nb1 Bd5 21. Bxd5 Nxd5 22. Ke2 Ke7 23. g3 g6 24. Kd2 Rd8 25. Ke2 Rac8 26. Rxc8 Rxc8 27. Kd2 Nb6 28. Rc1 Nc4+ 29. Ke2 Rd8 30. Rc3 f5 31. a4 Kf6 32. axb5 axb5 33. Na3 Nd6 34. Rd3 Ke7 35. f3 Rc8 36. h4 Rc1 37. Rd1 Rc8 38. Rd3 Ra8 39. Rb3 Kd7 40. Kd3 Kc6 41. Kd4 e5+ 42. Kc3 Kd5 43. e4+ fxe4 44. fxe4+ Kxe4 0-1

[Event "Sant Adria de Besos op 17th"]
[Site "Sant Adria de Besos"]
[Date "2023.04.02"]
[Round "1"]
[White "Namay Caceres, Santos"]
[Black "Chen, Siyuan"]
[Result "1-0"]
[WhiteElo "2124"]
[BlackElo "1797"]
[PlyCount "107"]
[EventDate "2023.04.02"]
[EventType "swiss"]
[EventRounds "9"]
[EventCountry "ESP"]
[SourceTitle "EXT 2024"]
[Source "ChessBase"]
[SourceDate "2023.10.10"]
[SourceVersion "1"]
[SourceVersionDate "2023.10.10"]
[SourceQuality "1"]

1. d4 d5 2. Bf4 Bf5 3. e3 Nf6 4. c4 e6 5. Nc3 c6 6. Qb3 Qb6 7. c5 Qxb3 8. axb3 Nbd7 9. b4 Be7 10. h3 0-0 11. b5 Ne4 12. Nf3 Nxc3 13. bxc3 cxb5 14. Bxb5 Nf6 15. 0-0 Ne4 16. Rfc1 Bf6 17. Ra2 a6 18. Ba4 Rfc8 19. Ne5 Bxe5 20. Bxe5 f6 21. Bh2 e5 22. f3 Nxc5 23. dxc5 Rxc5 24. Bb3 Rac8 25. Rd2 Kf8 26. Bxd5 Rd8 27. e4 Be6 28. c4 Bxd5 29. exd5 b5 30. Ra1 bxc4 31. Rxa6 c3 32. Rc2 Rdxd5 33. Ra3 Rd1+ 34. Kf2 Rd2+ 35. Rxd2 cxd2 36. Ke2 Rc2 37. Kd1 Rb2 38. Ra1 h6 39. Bg1 Rb3 40. Bf2 Kf7 41. Kxd2 Rb2+ 42. Ke1 Kg6 43. Kf1 Kf5 44. Be3 h5 45. Ra7 g5 46. Ra6 h4 47. Rb6 Ra2 48. Bc5 Ra1+ 49. Kf2 Ra2+ 50. Kg1 g4 51. fxg4+ Ke4 52. Rxf6 Rc2 53. Bb6 Rc1+ 54. Kh2 1-0

[Event "Catalunya-ch U50"]
[Site "Santa Susanna"]
[Date "2022.05.18"]
[Round "4"]
[White "Melero Sanchez, Pere"]
[Black "Namay Caceres, Santos"]
[Result "0-1"]
[WhiteElo "1849"]
[BlackElo "2033"]
[PlyCount "113"]
[EventDate "2022.05.15"]
[EventType "swiss"]
[EventRounds "8"]
[EventCountry "ESP"]
[SourceTitle "EXT 2023"]
[Source "ChessBase"]
[SourceDate "2022.10.05"]
[SourceVersion "1"]
[SourceVersionDate "2022.10.05"]
[SourceQuality "1"]

1. d4 Nf6 2. c4 c5 3. d5 b5 4. Nf3 g6 5. cxb5 a6 6. e3 Bg7 7. Nc3 d6 8. Be2 0-0 9. 0-0 e6 10. Re1 axb5 11. Bxb5 exd5 12. Nxd5 Nxd5 13. Qxd5 Ra7 14. a4 Bb7 15. Qd1 Nc6 16. Rb1 Nb4 17. b3 Be4 18. Bd2 Bxb1 19. Qxb1 Na6 20. e4 Nc7 21. Bc4 Ne6 22. Be3 Qe7 23. Rd1 h6 24. Qd3 Rd8 25. Bd5 Kh7 26. h3 Bf6 27. Qd2 g5 28. g4 Kg7 29. h4 Kh8 30. h5 Kg7 31. Kg2 Nc7 32. Qd3 Nxd5 33. Qxd5 Qb7 34. e5 dxe5 35. Qxb7 Rxb7 36. Rxd8 Bxd8 37. Nxe5 Rxb3 38. Bxc5 Bb6 39. Bxb6 Rxb6 40. Nc4 Rb4 41. Ne3 Rxa4 42. Kg3 Ra3 43. Kg2 Ra5 44. Kg3 Kf6 45. Kf3 Ke6 46. Kg3 Rb5 47. Kf3 Ke5 48. Kg3 Ke4 49. Kg2 Kf4 50. Nf5 Rxf5 51. gxf5 Kxf5 52. Kf3 Ke5 53. Kg3 f5 54. f3 Kd5 55. Kf2 Kd6 56. Kg3 Ke5 57. Kg2 0-1

[Event "Barcelona Sant Marti op 9th"]
[Site "Barcelona"]
[Date "2020.02.13"]
[Round "5"]
[White "Martinez Diaz, Francisco Javier"]
[Black "Namay Caceres, Santos"]
[Result "1/2-1/2"]
[WhiteElo "1748"]
[BlackElo "2066"]
[PlyCount "53"]
[EventDate "2020.01.16"]
[EventType "swiss"]
[EventRounds "9"]
[EventCountry "ESP"]
[SourceTitle "CBM 195 Extra"]
[Source "ChessBase"]
[SourceDate "2020.05.31"]
[SourceVersion "1"]
[SourceVersionDate "2020.05.31"]
[SourceQuality "1"]

1. e4 e5 2. Nf3 Nc6 3. Bb5 Bc5 4. 0-0 Nf6 5. Nc3 d6 6. Na4 Bg4 7. Nxc5 dxc5 8. Bxc6+ bxc6 9. h3 Bh5 10. Re1 0-0 11. d3 Nd7 12. b3 Re8 13. Bb2 f6 14. Ba3 Qe7 15. g4 Bf7 16. Qd2 Qe6 17. Nh4 g5 18. Nf5 Bg6 19. f3 a5 20. Kg2 Kh8 21. h4 Bxf5 22. exf5 Qg8 23. hxg5 Qxg5 24. Qxg5 fxg5 25. Bb2 Kg7 26. a4 h6 27. Re2 1/2-1/2

[Event "Barcelona Sant Marti op 9th"]
[Site "Barcelona"]
[Date "2020.02.06"]
[Round "4"]
[White "Namay Caceres, Santos"]
[Black "Ramos Alvarez, Maximo"]
[Result "0-1"]
[WhiteElo "2066"]
[BlackElo "1828"]
[PlyCount "85"]
[EventDate "2020.01.16"]
[EventType "swiss"]
[EventRounds "9"]
[EventCountry "ESP"]
[SourceTitle "CBM 195 Extra"]
[Source "ChessBase"]
[SourceDate "2020.05.31"]
[SourceVersion "1"]
[SourceVersionDate "2020.05.31"]
[SourceQuality "1"]

1. c4 e5 2. g3 Nc6 3. Bg2 f5 4. Nc3 Nf6 5. e3 Bc5 6. Nge2 0-0 7. 0-0 a5 8. a3 d6 9. b3 Ne7 10. Bb2 Ba7 11. b4 c6 12. Qb3 Bb8 13. d3 Qe8 14. b5 Qh5 15. Rfe1 Bc7 16. a4 Ng4 17. h3 Nh6 18. f4 g5 19. b6 Bb8 20. d4 gxf4 21. exf4 e4 22. d5 Nf7 23. Nd1 Qg6 24. Ne3 h5 25. Kh1 Kh7 26. Qc3 cxd5 27. cxd5 Bd7 28. Qf6 Nc8 29. Qd4 Ra6 30. Rec1 Nxb6 31. g4 hxg4 32. hxg4 Qh6+ 33. Kg1 Ba7 34. Kf2 Nxd5 35. Qxd5 Qh4+ 36. Ng3 Bxe3+ 37. Kf1 Qxg3 38. Rc2 Qxf4+ 39. Ke1 Ne5 40. Qxb7 Rb6 41. Bxe5 Rxb7 42. Bxf4 Bxf4 43. Rd1 0-1

[Event "Barcelona Sant Marti op 9th"]
[Site "Barcelona"]
[Date "2020.01.16"]
[Round "1"]
[White "Capdet Egea, Sergi"]
[Black "Namay Caceres, Santos"]
[Result "0-1"]
[WhiteElo "1634"]
[BlackElo "2066"]
[PlyCount "62"]
[EventDate "2020.01.16"]
[EventType "swiss"]
[EventRounds "9"]
[EventCountry "ESP"]
[SourceTitle "CBM 195 Extra"]
[Source "ChessBase"]
[SourceDate "2020.05.31"]
[SourceVersion "1"]
[SourceVersionDate "2020.05.31"]
[SourceQuality "1"]

1. e4 g6 2. d4 Bg7 3. Nf3 d6 4. Be2 Nf6 5. Nc3 0-0 6. 0-0 Na6 7. h3 c5 8. d5 Nc7 9. a4 a6 10. Re1 Rb8 11. Bf1 Nd7 12. Bd2 b5 13. axb5 axb5 14. Rb1 b4 15. Na4 Ba6 16. Bxa6 Nxa6 17. Qe2 Qc8 18. c4 Nc7 19. b3 Re8 20. Bc1 e6 21. Qd2 exd5 22. exd5 Rxe1+ 23. Qxe1 Nf6 24. Bg5 Qf5 25. g4 Qxf3 26. Qe7 Nce8 27. Re1 Qxh3 28. Re3 Qxg4+ 29. Rg3 Qd7 30. Bxf6 Nxf6 31. Re3 Qd8 0-1

[Event "Maresme op 16th"]
[Site "Maresme"]
[Date "2019.11.09"]
[Round "5"]
[White "Namay Caceres, Santos"]
[Black "Pares Peris, Jordi"]
[Result "1-0"]
[WhiteElo "2048"]
[BlackElo "2106"]
[PlyCount "93"]
[EventDate "2019.09.29"]
[EventType "swiss"]
[EventRounds "8"]
[EventCountry "ESP"]
[SourceTitle "CBM 193 Extra"]
[Source "ChessBase"]
[SourceDate "2020.01.31"]
[SourceVersion "1"]
[SourceVersionDate "2020.01.31"]
[SourceQuality "1"]

1. d4 Nf6 2. c4 e6 3. Nf3 d5 4. Bg5 Be7 5. Nc3 h6 6. Bh4 0-0 7. e3 Ne4 8. Bxe7 Qxe7 9. Rc1 c6 10. Bd3 Nxc3 11. Rxc3 dxc4 12. Bxc4 Nd7 13. 0-0 b6 14. Bd3 c5 15. Be4 Rb8 16. Qa4 Nf6 17. Bb1 Bb7 18. dxc5 Bxf3 19. gxf3 bxc5 20. b3 Nd5 21. Rcc1 Rb4 22. Qc6 Rh4 23. Rc4 Qg5+ 24. Kh1 Rh3 25. Rg4 Qh5 26. Rg2 Qxf3 27. Qxc5 f5 28. Qxa7 Rf7 29. Qb8+ Kh7 30. Qe5 Nf6 31. Kg1 Qh5 32. Qxe6 Ng4 33. Qd6 g6 34. Bc2 Qh4 35. Qf4 Qf6 36. Bd3 Ne5 37. Be2 g5 38. Qb4 f4 39. f3 fxe3 40. Qe4+ Kh8 41. Rg3 Rh4 42. Qxe3 Ng6 43. Bc4 Re7 44. Qc5 Rd7 45. Re1 Nf4 46. Qc8+ Rd8 47. Re8+ 1-0

[Event "Maresme op 16th"]
[Site "Maresme"]
[Date "2019.10.26"]
[Round "4"]
[White "Ruiz Molina, Gabriel"]
[Black "Namay Caceres, Santos"]
[Result "1/2-1/2"]
[WhiteElo "1988"]
[BlackElo "2048"]
[PlyCount "65"]
[EventDate "2019.09.29"]
[EventType "swiss"]
[EventRounds "8"]
[EventCountry "ESP"]
[SourceTitle "CBM 193 Extra"]
[Source "ChessBase"]
[SourceDate "2020.01.31"]
[SourceVersion "1"]
[SourceVersionDate "2020.01.31"]
[SourceQuality "1"]

1. d4 Nf6 2. Nf3 e6 3. c4 d5 4. Nc3 Nbd7 5. Bg5 c6 6. e3 Bb4 7. cxd5 exd5 8. Bd3 h6 9. Bh4 Qe7 10. Qc2 g5 11. Bg3 Nh5 12. Be5 Nxe5 13. Nxe5 Nf6 14. Nxf7 Kxf7 15. 0-0-0 Bxc3 16. Qxc3 Be6 17. f3 a5 18. h4 g4 19. Bc2 Ke8 20. Rde1 Kd7 21. Rhf1 Qb4 22. Qd3 gxf3 23. a3 Qe7 24. gxf3 Kc7 25. Qd2 Nd7 26. h5 b6 27. Kb1 Raf8 28. e4 Qd6 29. e5 Qe7 30. f4 Bf5 31. e6 Bxc2+ 32. Qxc2 Nf6 33. f5 1/2-1/2

[Event "Maresme op 16th"]
[Site "Maresme"]
[Date "2019.10.05"]
[Round "2"]
[White "Soldado Pastor, Lucas"]
[Black "Namay Caceres, Santos"]
[Result "0-1"]
[WhiteElo "1783"]
[BlackElo "2048"]
[PlyCount "80"]
[EventDate "2019.09.29"]
[EventType "swiss"]
[EventRounds "8"]
[EventCountry "ESP"]
[SourceTitle "CBM 193 Extra"]
[Source "ChessBase"]
[SourceDate "2020.01.31"]
[SourceVersion "1"]
[SourceVersionDate "2020.01.31"]
[SourceQuality "1"]

1. e4 e5 2. Nf3 Nc6 3. d4 exd4 4. Nxd4 Qf6 5. Nxc6 dxc6 6. Bd3 Be6 7. 0-0 g5 8. Nc3 Ne7 9. Qe2 Ng6 10. Bc4 Bxc4 11. Qxc4 0-0-0 12. Be3 a6 13. b4 Bd6 14. Ne2 Rhe8 15. a4 Ne5 16. Qb3 Ng4 17. h3 Nxe3 18. Qxe3 Qe5 19. Ng3 Bxb4 20. Qa7 Bd6 21. Qa8+ Kd7 22. Qxb7 h5 23. Rfd1 h4 24. Rxd6+ Qxd6 25. Nf5 Qd2 26. Qb3 Rxe4 27. Qxf7+ Kc8 28. Ne7+ Kb7 29. Rb1+ Rb4 30. Rb3 Qe1+ 31. Kh2 Qe5+ 32. g3 hxg3+ 33. Rxg3 Rd7 34. Nxc6 Kxc6 35. Qf8 Rf4 36. Qa8+ Kd6 37. Qxa6+ Ke7 38. Qa7 Rf3 39. Kg2 Rxg3+ 40. fxg3 Rd2+ 0-1

[Event "Sant Boi op"]
[Site "Sant Boi de Llobregat"]
[Date "1996.??.??"]
[Round "?"]
[White "Namay Caceres, Santos"]
[Black "Jerez Perez, Alfonso"]
[Result "1-0"]
[WhiteElo "2235"]
[BlackElo "2360"]
[PlyCount "97"]
[EventDate "1996.??.??"]
[EventType "swiss"]
[EventRounds "9"]
[EventCountry "ESP"]
[SourceTitle "EXT 2003"]
[Source "ChessBase"]
[SourceDate "2002.11.25"]
[SourceVersion "1"]
[SourceVersionDate "2002.11.25"]
[SourceQuality "1"]

1. c4 e6 2. Nc3 b6 3. Nf3 Bb7 4. g3 Nf6 5. Bg2 Be7 6. 0-0 0-0 7. d3 d5 8. Ne5 Nbd7 9. Bf4 c6 10. e4 Nxe5 11. Bxe5 Nd7 12. Bf4 d4 13. Ne2 c5 14. h3 f5 15. exf5 Bxg2 16. Kxg2 exf5 17. h4 Qc8 18. Ng1 Bd6 19. Qf3 Bxf4 20. Qxf4 Qc6+ 21. Nf3 Rae8 22. Rfe1 g6 23. Kg1 a6 24. b3 Qf6 25. Qc7 Nb8 26. Ng5 Qg7 27. Qxg7+ Kxg7 28. Ne6+ Kf7 29. Nxf8 Kxf8 30. Rxe8+ Kxe8 31. Kf1 Nc6 32. Ke2 Ke7 33. f4 h5 34. Kd2 Kd7 35. a3 a5 36. Re1 Ne7 37. Kc2 Nc6 38. Kb2 Nb8 39. Kb1 Nc6 40. Kc2 Nd8 41. b4 axb4 42. axb4 cxb4 43. Re5 Ne6 44. Rb5 Kc6 45. Rxb4 Nc7 46. Rb1 Ne6 47. Ra1 Nc7 48. Ra7 Kd6 49. Rb7 1-0

[Event "Sant Boi op"]
[Site "Sant Boi de Llobregat"]
[Date "1996.??.??"]
[Round "?"]
[White "Namay Caceres, Santos"]
[Black "Leiro Giralt, Daniel"]
[Result "1-0"]
[WhiteElo "2235"]
[BlackElo "2280"]
[PlyCount "57"]
[EventDate "1996.??.??"]
[EventType "swiss"]
[EventRounds "9"]
[EventCountry "ESP"]
[SourceTitle "EXT 2003"]
[Source "ChessBase"]
[SourceDate "2002.11.25"]
[SourceVersion "1"]
[SourceVersionDate "2002.11.25"]
[SourceQuality "1"]

1. c4 Nf6 2. Nc3 g6 3. g3 Bg7 4. Bg2 0-0 5. Nf3 d6 6. 0-0 e5 7. d3 Nc6 8. Rb1 a5 9. a3 Re8 10. e4 h6 11. h3 Nh7 12. Bd2 f5 13. Nh4 Ne7 14. f4 exf4 15. gxf4 fxe4 16. dxe4 g5 17. fxg5 Nxg5 18. Nf5 Nxf5 19. exf5 Rf8 20. Qg4 Nf7 21. Qh5 c6 22. f6 Bxf6 23. Qg6+ Bg7 24. Be4 Ng5 25. Rxf8+ Kxf8 26. Rf1+ Kg8 27. h4 Bh3 28. Bxg5 Qb6+ 29. Rf2 1-0